Central Library OPAC University of Rajshahi

Studies in ancient India and central Asia / (Record no. 26908)

MARC details
000 -LEADER
fixed length control field 00692nam a22002177a 4500
001 - CONTROL NUMBER
control field 26908
003 - CONTROL NUMBER IDENTIFIER
rucl marc code BD-RjUL
005 - DATE AND TIME OF LATEST TRANSACTION
control field 20211209051102.0
008 - FIXED-LENGTH DATA ELEMENTS--GENERAL INFORMATION
fixed length control field 140324s1971 ii ||||| |||| 00| 0 eng d
035 ## - SYSTEM CONTROL NUMBER
System control number (BD-RjUL)26979
040 ## - CATALOGING SOURCE
Original cataloging agency BD-RjUL
Language of cataloging eng
Transcribing agency BD-RjUL
Modifying agency BD-RjUL
041 ## - LANGUAGE CODE
Language code of text/sound track or separate title eng
082 04 - DEWEY DECIMAL CLASSIFICATION NUMBER
Edition number 19
Classification number 934
Author mark and year BOS 1971
100 1# - MAIN ENTRY--PERSONAL NAME
Personal name Bongard-Levin, Grigoriĭ Maksimovich
9 (RLIN) 82707
245 1# - TITLE STATEMENT
Title Studies in ancient India and central Asia /
Statement of responsibility, etc. by Grigoriĭ Maksimovich Bongard-Levin
260 ## - PUBLICATION, DISTRIBUTION, ETC. (IMPRINT)
Place of publication, distribution, etc. Calcutta :
Name of publisher, distributor, etc. Indian Studies Past & Present,
Date of publication, distribution, etc. 1971.
300 ## - PHYSICAL DESCRIPTION
Pagination 287p. ;
Size 21cm.
490 ## - SERIES STATEMENT
Series statement Soviet indology series, no. 7
651 #0 - SUBJECT ADDED ENTRY--GEOGRAPHIC NAME
Geographic name India
General subdivision History
Geographic subdivision To 324 B.C.
9 (RLIN) 82708
942 ## - ADDED ENTRY ELEMENTS (KOHA)
Source of classification or shelving scheme Dewey Decimal Classification
Koha item type Books
Holdings
Lost status Source of classification or shelving scheme Damaged status Not for loan Collection code Permanent Location Current Location Shelving location Date acquired Source of acquisition Total Checkouts Full call number Date last seen Copy number Koha item type
  Dewey Decimal Classification   Added to bundle Non-fiction Central Library, University of Rajshahi Central Library, University of Rajshahi Reading Room 04/07/1974 India Govt.   934 BOS 1971 24/03/2014 C-1 Books